Welcome to the Holygrace Academy Library

Please use search bar below to get started

GOODNIGHT MOON (Record no. 2683)

MARC details
000 -LEADER
fixed length control field 00233nam a22001097a 4500
020 ## - INTERNATIONAL STANDARD BOOK NUMBER
ISBN 0-694-00361-1
082 ## - DEWEY DECIMAL CLASSIFICATION NUMBER
Classification number 823
Item number BRO/G
100 ## - MAIN ENTRY--AUTHOR NAME
Personal name BROWN, MARGARET WISE
245 ## - TITLE STATEMENT
Title GOODNIGHT MOON
650 ## - SUBJECT ADDED ENTRY--TOPICAL TERM
Topical Term ENGLISH SHORT STORY
942 ## - ADDED ENTRY ELEMENTS (KOHA)
Koha item type Books
Holdings
Withdrawn status Lost status Collection code Home library Current library Shelving location Date acquired Source of acquisition Full call number Koha item type
    Fiction Main Library Main Library SHELF 3- D- ENGLISH CHILDRENS LITERATURE &MYTHOLOGY 05/03/2002 PURCHASE 823 BRO/G Books